000 01122nas a2200361 4500
001 BR2013009911
003 BR-BrBNA
005 20231205123348.0
007 ta
008 230509b bl.|||p| |||| 00| 00por d
040 _aBR-BrBNA
_bpor
_cBiblioteca Nacional de Agricultura
041 _a(En)
072 _aP33; P35
100 1 _aGatiboni, L.C.
100 1 _aBrunetto, G.
100 1 _aRheinheimer, D. dos S.
100 1 _aKaminski, J.
100 1 _aPandolfo, C.M.
100 1 _aVeiga, M.
100 1 _aFlores, A.F.C.
100 1 _aLima, M.A.S.
100 1 _aGirotto, E.
100 1 _aCopetti, A.C.
245 1 _aSpectroscopic quantification of soil phosphorus forms by 31P-NMR after nine years of organic or mineral fertilization
650 _aANÁLISE DO SOLO
650 _aADUBAÇÃO
650 _aFÓSFORO
650 _aESTERCO
773 0 _tRevista Brasileira de Ciência do Solo (Brazil)
_xISSN 0100-0683
_g(May-Jun 2013), v. 37(3) p. 640-648
_wBR2013009911
856 4 0 _uhttp://www.scielo.br/pdf/rbcs/v37n3/10.pdf
909 _a202311
_bLúcia
_c55
_dLúcia Elande
942 _2AGRIS
_n0
_cANA
999 _c233513
_d233513